Top 15 Countries with Covid-19 Cases - 4 August - Statistics

General Stats
  • This quiz has been taken 34 times
  • The average score is 14 of 25
Answer Stats
country % Correct
United States
100%
Brazil
93%
United Kingdom
90%
India
86%
Russia
86%
Italy
83%
Spain
79%
Mexico
72%
Colombia
59%
Peru
59%
Iran
55%
Chile
52%
Chile
52%
South Africa
52%
Pakistan
48%
Bahrain
45%
Qatar
41%
Saudi Arabia
41%
Sweden
41%
Kuwait
34%
Singapore
31%
Oman
28%
Armenia
24%
Israel
24%
Panama
24%
No matching quizzes found
Score Distribution
Percent of People with Each Score
Percentile by Number Answered
Your Score History
You have not taken this quiz